000 00291nam a22001337a 4500
008 181022b xxu||||| |||| 00| 0 eng d
020 _a9780716786542
041 _aeng
080 _a159.9
100 _a49
101 _aPSI
245 _aLearning and Memory
_cGluck, M.A
942 _2udc
_cBK
999 _c50513
_d50513